LIBRARY & INFORMATION CENTRE, KCAET, TAVANUR

ONLINE PUBLIC ACCESS CATALOGUE (OPAC)

Thermal control in passive solar buildings / (Record no. 2540)

MARC details
000 -LEADER
fixed length control field 00537cam a2200205ua 4500
020 ## - INTERNATIONAL STANDARD BOOK NUMBER
ISBN 81-85147-17-5
041 ## - LANGUAGE CODE
Language code of text/sound track or separate title eng
082 ## - DEWEY DECIMAL CLASSIFICATION NUMBER
Classification number 621.47
Item number KAU/TH
100 ## - MAIN ENTRY--AUTHOR NAME
Personal name Kaushik, S C .
245 ## - TITLE STATEMENT
Title Thermal control in passive solar buildings /
250 ## - EDITION STATEMENT
Edition statement 1 /
260 ## - PUBLICATION, DISTRIBUTION, ETC. (IMPRINT)
Place of publication Delhi :
Name of publisher IBT Publishers & distributors ,
Year of publication 1988.
300 ## - PHYSICAL DESCRIPTION
Number of Pages 314 ; .
700 1# - ADDED ENTRY--PERSONAL NAME
Personal name Nayak, .
700 1# - ADDED ENTRY--PERSONAL NAME
Personal name Tiwari, G.N .
942 ## - ADDED ENTRY ELEMENTS (KOHA)
Koha item type Books
Holdings
Withdrawn status Lost status Damaged status Home library Current library Date acquired Full call number Accession Number Koha item type
      KAUAET KAUAET 07/04/2012 621.47 18115 Books
free website counter